[Event "Superettan(Upsala-Orgryte)"]
[Site "?"]
[Date "2023.03.10"]
[Round "7"]
[White "Bernhard, Jonathan"]
[Black "Arnelind, Mikael"]
[Result "0-1"]
[WhiteElo "2061"]
[BlackElo "2195"]
[PlyCount "82"]
[SourceVersionDate "2023.03.28"]

1. e4 e6 2. d4 d5 3. Nc3 dxe4 4. Nxe4 Bd7 5. Nf3 Bc6 6. Bd3 Nd7 7. c3 Ngf6 8.
Ng3 Be7 9. Bc2 O-O 10. O-O Re8 11. Re1 Bf8 12. Bf4 b6 13. h4 Bb7 14. h5 c5 15.
Ne5 Nxe5 16. Bxe5 cxd4 17. cxd4 Rc8 18. Qd3 Qd5 19. f3 Qc4 20. Qxc4 Rxc4 21.
Bd3 Rcc8 22. h6 Red8 23. Rad1 Nd5 24. hxg7 Bxg7 25. Nh5 Bh8 26. Re4 f5 27. Rh4
Kf7 28. Bb1 Rg8 29. Kh2 Rxg2+ 30. Kxg2 Ne3+ 31. Kh2 Nxd1 32. Nf4 Bxe5 33. dxe5
Rh8 34. Bc2 Ne3 35. Bb3 Bxf3 36. Nxe6 Bd5 37. Bxd5 Nxd5 38. Nd4 Kg6 39. Nc6 Rc8
40. Rc4 Kf7 41. Kg3 Ne7 0-1

[Event "Superettan(Vaxjo-Burgsvik)"]
[Site "?"]
[Date "2023.03.10"]
[Round "7"]
[White "Olofsson-Dolk, Mattis"]
[Black "Hakansson, Rustan"]
[Result "1-0"]
[WhiteElo "2201"]
[BlackElo "1928"]
[PlyCount "85"]
[SourceVersionDate "2023.03.28"]

1. e4 Nf6 2. e5 Nd5 3. d4 d6 4. Nf3 Bg4 5. Be2 e6 6. O-O Be7 7. c4 Nb6 8. Nc3
O-O 9. Be3 N8d7 10. exd6 cxd6 11. b3 Rc8 12. Rc1 Nf6 13. Qd2 a6 14. Rfd1 Nbd7
15. h3 Bh5 16. Bf4 Re8 17. a4 Bf8 18. Qb2 h6 19. Bh2 Qb6 20. Ra1 Bg6 21. a5 Qd8
22. b4 Ne4 23. Nxe4 Bxe4 24. Nd2 Bg6 25. Bf3 Rb8 26. c5 e5 27. Nc4 dxc5 28.
dxc5 Qc7 29. Rd5 f6 30. Rad1 Bf5 31. Bg4 Bxg4 32. hxg4 Nxc5 33. bxc5 Bxc5 34.
Rd7 Bxf2+ 35. Qxf2 Qxc4 36. Qf5 Qc5+ 37. Kh1 Re7 38. Bg1 Qb4 39. Rxe7 Qxe7 40.
Rd7 Qe8 41. Bc5 Kh8 42. Be7 Kg8 43. Bxf6 1-0

[Event "Superettan(Upsala-Orgryte)"]
[Site "?"]
[Date "2023.03.10"]
[Round "7"]
[White "Anderzen, Robert"]
[Black "Dolata, Henryk"]
[Result "0-1"]
[WhiteElo "2100"]
[BlackElo "2072"]
[PlyCount "108"]
[SourceVersionDate "2023.03.28"]

1. d4 e6 2. c4 d5 3. Nf3 Nf6 4. Nc3 Be7 5. Bf4 O-O 6. e3 b6 7. Bd3 Bb7 8. O-O
Nbd7 9. Qe2 c5 10. Rfd1 cxd4 11. exd4 dxc4 12. Bxc4 Nd5 13. Nxd5 exd5 14. Bb5
a6 15. Bd3 Nf6 16. Rac1 Ne8 17. Ne5 Bd6 18. Qh5 Nf6 19. Qh3 Bc8 20. Qf3 Be6 21.
Bg5 Rc8 22. Bxa6 Ra8 23. Nc6 Qd7 24. Bxf6 Rxa6 25. Ne5 Bxe5 26. Bxe5 Bg4 27.
Qd3 Rxa2 28. Rd2 Raa8 29. h3 Bf5 30. Qg3 Bg6 31. h4 h5 32. Qb3 Qe6 33. Qb5 Rac8
34. Rdd1 Rfe8 35. Qb3 Rc6 36. Rc3 Rec8 37. Rdc1 Rc4 38. Rxc4 Rxc4 39. Qd1 Qc6
40. Ra1 Kh7 41. Kh2 Rc2 42. Qf3 Rxb2 43. Ra7 Qc2 44. Bg3 Qe4 45. Qxe4 dxe4 46.
d5 e3 47. f3 e2 48. d6 Rd2 49. Re7 b5 50. d7 b4 51. d8=Q Rxd8 52. Rxe2 b3 53.
Bc7 Rd5 54. Be5 Rxe5 0-1

[Event "Superettan(Vaxjo-Burgsvik)"]
[Site "?"]
[Date "2023.03.10"]
[Round "7"]
[White "Andersson, Bjorn"]
[Black "Lindborg, Patrik"]
[Result "1/2-1/2"]
[WhiteElo "2172"]
[BlackElo "2184"]
[PlyCount "140"]
[SourceVersionDate "2023.03.28"]

1. e4 c5 2. Nf3 e6 3. d4 cxd4 4. Nxd4 Nc6 5. Nc3 Qc7 6. Be3 a6 7. a3 Nf6 8. Be2
Be7 9. Qd2 Nxd4 10. Qxd4 d6 11. f4 e5 12. Qd2 exf4 13. Bxf4 Be6 14. Bf3 Nd7 15.
O-O-O Ne5 16. Nd5 Bxd5 17. Qxd5 Rc8 18. Qb3 O-O 19. Rd5 b5 20. Rf1 Rcd8 21. Bh5
Qc4 22. Qxc4 Nxc4 23. Be2 Nb6 24. Rd3 Rfe8 25. Bf3 Nc4 26. Rfd1 h6 27. b3 Ne5
28. Rd5 Rc8 29. Be2 Bf8 30. a4 bxa4 31. bxa4 Ng6 32. Bg3 Rxe4 33. Bxa6 Ra8 34.
Bb5 Ne5 35. Bxe5 dxe5 36. Rd7 Ba3+ 37. Kd2 Rf4 38. Ke2 Bc5 39. Rf1 Rxf1 40.
Kxf1 Ra7 41. Rd5 Bd4 42. Ke2 Kf8 43. Kd3 Rc7 44. Rd8+ Ke7 45. Re8+ Kf6 46. c4
Kg5 47. Ke4 f5+ 48. Kd5 Rc5+ 49. Kd6 e4 50. a5 e3 51. a6 Re5 52. c5 Rxe8 53.
Bxe8 e2 54. a7 e1=Q 55. a8=Q Qe5+ 56. Kd7 Bxc5 57. Qc6 Qe7+ 58. Kc8 Bd6 59. g3
g6 60. Bd7 Kf6 61. Be8 g5 62. Bd7 g4 63. Qd5 Qe5 64. Qb7 Qc5+ 65. Bc6 Be7 66.
Qd7 Qd6 67. Qe8 Qe6+ 68. Kb7 Qf7 69. Qh8+ Qg7 70. Qe8 Qf7 1/2-1/2

[Event "Superettan(Vasteras II-Kamraterna)"]
[Site "?"]
[Date "2023.03.10"]
[Round "7"]
[White "Stridh, Mattias"]
[Black "Madebrink, Lars"]
[Result "1/2-1/2"]
[WhiteElo "1693"]
[BlackElo "2138"]
[PlyCount "125"]
[SourceVersionDate "2023.03.27"]

1. e4 c5 2. Nf3 d6 3. d4 cxd4 4. Nxd4 Nf6 5. Nc3 Nc6 6. Be3 Bd7 7. f3 h5 8. Qd2
a6 9. Bc4 e6 10. O-O-O Rc8 11. Nxc6 Bxc6 12. Bb3 b5 13. a3 Be7 14. Bf4 e5 15.
Bg5 O-O 16. Bxf6 Bxf6 17. Qxd6 Qa5 18. Qd2 b4 19. Nd5 Bxd5 20. exd5 Rb8 21.
Rhe1 Qc5 22. a4 Rfd8 23. Kb1 Rd6 24. g4 hxg4 25. fxg4 g6 26. g5 Bg7 27. h4 Re8
28. Re4 a5 29. Rh1 Qc8 30. Qf2 Qf5 31. Qe2 Re7 32. Rf1 Qh3 33. Qf3 Qd7 34. h5
gxh5 35. Qxh5 Qa7 36. Rh4 e4 37. Qh7+ Kf8 38. Rxe4 Rxe4 39. Qxe4 Qe7 40. Qf5
Kg8 41. Qc8+ Bf8 42. Qc5 Qe2 43. Qf2 Qxf2 44. Rxf2 Be7 45. Rg2 Rg6 46. c4 bxc3
47. bxc3 Rxg5 48. Rxg5+ Bxg5 49. d6 Bf4 50. d7 Bc7 51. Kc2 Kf8 52. Bc4 Ke7 53.
Bb5 f5 54. Kd3 Bb6 55. c4 Bc5 56. Ke2 Kd8 57. Kf3 Bd6 58. Ke3 Be5 59. c5 Kc7
60. Kd3 Bf6 61. Kc4 f4 62. Kd5 f3 63. Ke4 1/2-1/2

[Event "Superettan(Upsala-Orgryte)"]
[Site "?"]
[Date "2023.03.10"]
[Round "7"]
[White "Fernandez, Juan Pablo"]
[Black "Troberg Eskola, Love"]
[Result "0-1"]
[WhiteElo "2044"]
[BlackElo "2010"]
[PlyCount "82"]
[SourceVersionDate "2023.03.28"]

1. c4 g6 2. g3 Bg7 3. Bg2 e5 4. Nc3 Ne7 5. e3 Nbc6 6. Nge2 d6 7. O-O h5 8. d4
h4 9. dxe5 hxg3 10. hxg3 Nxe5 11. c5 dxc5 12. Qxd8+ Kxd8 13. Rd1+ Nd7 14. Nf4
c6 15. Ne4 Kc7 16. Nd6 Ne5 17. Nxc8 Raxc8 18. Rb1 Rcd8 19. Bd2 Nc4 20. Bc3 Bxc3
21. bxc3 Na3 22. Rbc1 Nb5 23. Nd3 b6 24. a4 Nd6 25. c4 Nb7 26. Ne5 f6 27. Ng4
Rhf8 28. e4 Rd4 29. Rxd4 cxd4 30. f4 Nc5 31. a5 bxa5 32. e5 f5 33. Nf2 a4 34.
Rd1 Nb3 35. Nd3 Rb8 36. Nc1 Nxc1 37. Rxc1 a3 38. Ra1 Rb3 39. Kf2 Kb6 40. Bf3
Rb2+ 41. Ke1 a2 0-1

[Event "Superettan(Vaxjo-Burgsvik)"]
[Site "?"]
[Date "2023.03.10"]
[Round "7"]
[White "Sevastianov, Andrii"]
[Black "Packalen, Marcus"]
[Result "1-0"]
[WhiteElo "2151"]
[BlackElo "2124"]
[PlyCount "111"]
[SourceVersionDate "2023.03.28"]

1. e4 c5 2. Nf3 Nc6 3. Bb5 Na5 4. b3 a6 5. Be2 d5 6. exd5 Qxd5 7. c4 Qd7 8. Bb2
Nf6 9. d4 cxd4 10. Ne5 Qc7 11. Qxd4 Nc6 12. Nxc6 Qxc6 13. Bf3 Qe6+ 14. Qe5
Qxe5+ 15. Bxe5 Nd7 16. Bb2 e5 17. Nc3 Bb4 18. O-O-O Bxc3 19. Bxc3 f6 20. Rd2
Ra7 21. Rhd1 b6 22. Rd6 Rc7 23. Bg4 Ke7 24. Bb4 Nc5 25. Bxc8 Rhxc8 26. Rxb6 a5
27. Bxa5 Kf7 28. Rb5 Rc6 29. Bb4 Ne6 30. Rb7+ Kg6 31. Kb2 e4 32. a4 Nf4 33.
Rdd7 Nd3+ 34. Kc2 Nxf2 35. Rxg7+ Kf5 36. Rb5+ Kf4 37. Bd2+ e3 38. g3+ Kf3 39.
Rf5+ Ke2 40. Re7 Rxc4+ 41. bxc4 Rxc4+ 42. Kb3 Ne4 43. Kxc4 Nd6+ 44. Kc5 Nxf5
45. Rxe3+ Nxe3 46. Bxe3 Kxe3 47. a5 Kf3 48. a6 Kg2 49. a7 Kxh2 50. a8=Q Kxg3
51. Kd4 h5 52. Ke3 h4 53. Qf3+ Kh2 54. Kf2 h3 55. Qg3+ Kh1 56. Qxh3# 1-0

[Event "Superettan(Lulea-Rockaden, StockholmII)"]
[Site "?"]
[Date "2023.03.10"]
[Round "7"]
[White "Bator, Robert"]
[Black "Ernst, Thomas"]
[Result "1-0"]
[WhiteElo "2343"]
[BlackElo "2273"]
[PlyCount "31"]
[SourceVersionDate "2023.03.27"]

1. e4 c5 2. Nf3 d6 3. c3 Nf6 4. Be2 Nc6 5. d4 cxd4 6. cxd4 Nxe4 7. d5 Qa5+ 8.
Nc3 Nxc3 9. bxc3 Ne5 10. Nxe5 Qxc3+ 11. Bd2 Qxe5 12. O-O Qxd5 13. Rc1 g6 14.
Rc7 Bg7 15. Qa4+ Kf8 16. Qxa7 1-0

[Event "Superettan(Orebro-SS 4 Springare)"]
[Site "?"]
[Date "2023.03.10"]
[Round "7"]
[White "Sivuk, Vitalii"]
[Black "Lundin, Jan"]
[Result "1-0"]
[WhiteElo "2527"]
[BlackElo "2209"]
[PlyCount "119"]
[SourceVersionDate "2023.03.28"]

1. c4 e5 2. Nc3 Nc6 3. g3 f5 4. Bg2 Nf6 5. e3 d6 6. Nge2 Be7 7. d3 O-O 8. O-O
Qe8 9. Rb1 Rb8 10. b4 a6 11. a4 a5 12. bxa5 Nxa5 13. Bd2 Nc6 14. Nd5 Bd8 15.
Nec3 Bd7 16. Nxf6+ Bxf6 17. Nd5 Qc8 18. a5 Kh8 19. Qb3 f4 20. exf4 exf4 21.
Nxf4 Nd4 22. Qd1 Bg4 23. f3 Bf5 24. Be3 Re8 25. Re1 g6 26. Nd5 Bg7 27. Qd2 c6
28. Nb6 Qc7 29. g4 Be6 30. h3 Qf7 31. Qf2 c5 32. Kh1 Nc6 33. Qd2 Bd4 34. Bxd4+
Nxd4 35. f4 Rf8 36. Rf1 Rbe8 37. Rf2 Qg7 38. Na4 Bc8 39. Nc3 Qh6 40. Kg1 Rf7
41. Ne4 Qf8 42. Kh2 Ne6 43. Rbf1 Nd4 44. Qb2 Kg8 45. Qb6 Rd8 46. Ng5 Re7 47. f5
gxf5 48. gxf5 Kh8 49. Ne4 Rf7 50. f6 h6 51. Rf4 Ne6 52. Rf5 Nc7 53. Rh5 d5 54.
Ng5 Rfd7 55. f7 Rd6 56. Qxc7 R8d7 57. Qxc8 Qxc8 58. f8=Q+ Qxf8 59. Rxf8+ Kg7
60. Rf5 1-0

[Event "Superettan(Lulea-Rockaden, StockholmII)"]
[Site "?"]
[Date "2023.03.10"]
[Round "7"]
[White "Hermansson, Emil"]
[Black "Berovski, Krum"]
[Result "1-0"]
[WhiteElo "2433"]
[BlackElo "2351"]
[PlyCount "55"]
[SourceVersionDate "2023.03.27"]

1. e4 e6 2. d4 d5 3. Nc3 Bb4 4. e5 c5 5. a3 Bxc3+ 6. bxc3 Bd7 7. Qg4 g6 8. dxc5
Nc6 9. Nf3 Qa5 10. Bd2 Qxc5 11. Bd3 O-O-O 12. O-O f6 13. exf6 e5 14. Qg5 h6 15.
Qxg6 e4 16. Qg7 Nxf6 17. Qxf6 Rhf8 18. Be3 Qa5 19. Qh4 exf3 20. g3 Qxc3 21.
Rfd1 Rde8 22. Bxh6 Rh8 23. Qf4 Nd4 24. Qd2 Qxd2 25. Bxd2 Rxh2 26. Kxh2 Rh8+ 27.
Kg1 Bh3 28. Bg5 1-0

[Event "Superettan(Orebro-SS 4 Springare)"]
[Site "?"]
[Date "2023.03.10"]
[Round "7"]
[White "Gruvaeus, Curt"]
[Black "Galperin, Platon"]
[Result "0-1"]
[WhiteElo "2223"]
[BlackElo "2534"]
[PlyCount "62"]
[SourceVersionDate "2023.03.28"]

1. d4 Nf6 2. c4 g6 3. h4 Bg7 4. Nc3 d6 5. Bf4 O-O 6. Qd2 Nc6 7. d5 Nb4 8. Rc1
e6 9. a3 Na6 10. b4 Re8 11. Bg5 c5 12. dxc6 bxc6 13. h5 d5 14. hxg6 fxg6 15. e4
Qc7 16. cxd5 Nxe4 17. Nxe4 exd5 18. Bxa6 Bxa6 19. Qxd5+ cxd5 20. Rxc7 Rxe4+ 21.
Kd1 Bf1 22. f3 Re6 23. g4 Rae8 24. Bd2 Ra6 25. Bc1 d4 26. f4 d3 27. Rh2 h5 28.
Rf2 d2 29. Bxd2 Bb5 30. gxh5 Rxa3 31. Bc1 Ba4+ 0-1

[Event "Superettan(Rockad,SthlmII-SS4Springare)"]
[Site "?"]
[Date "2023.02.25"]
[Round "6"]
[White "Larkin, Vladyslav"]
[Black "Bryntze, Stefan"]
[Result "1-0"]
[WhiteElo "2450"]
[BlackElo "2226"]
[PlyCount "55"]
[SourceVersionDate "2023.03.04"]

1. d4 d5 2. Bf4 c6 3. e3 Bf5 4. c4 Bxb1 5. Qxb1 e5 6. Bxe5 Qa5+ 7. Kd1 Nd7 8.
Bg3 Ngf6 9. Nf3 Be7 10. Bd3 dxc4 11. Bxc4 c5 12. Ke2 O-O 13. dxc5 Nxc5 14. Rc1
Nce4 15. Bd3 Nxg3+ 16. hxg3 Rfd8 17. Qc2 g6 18. Qb3 Nd5 19. a3 Rd6 20. Qxb7 Qd8
21. Be4 Rb8 22. Qxa7 Rxb2+ 23. Kf1 Nc3 24. Bc2 Bf6 25. a4 Rd2 26. Nxd2 Qxd2 27.
Qa6 Na2 28. Qxf6 1-0

[Event "Superettan(Vasteras II-Upsala)"]
[Site "?"]
[Date "2023.02.25"]
[Round "6"]
[White "Sirin, Atakan"]
[Black "Magnusson, Karl"]
[Result "1-0"]
[WhiteElo "2332"]
[BlackElo "2149"]
[PlyCount "58"]
[SourceVersionDate "2023.03.27"]

1. d4 d5 2. Nc3 c6 3. e4 dxe4 4. Nxe4 Nf6 5. Ng5 h6 6. Nxf7 Kxf7 7. Bc4+ e6 8.
Nf3 Bd6 9. Qe2 Na6 10. g4 Nd5 11. g5 Nf4 12. Qe4 Qc7 13. gxh6 Rxh6 14. Rg1 Nb4
15. Rg4 Nbd5 16. Ne5+ Bxe5 17. dxe5 g5 18. Rxg5 Rh4 19. Bxf4 Nxf4 20. Rf5+ Ke7
21. Rxf4 Rh5 22. O-O-O Qxe5 23. Qf3 Rf5 24. Rxf5 Qxf5 25. Qg3 b5 26. Be2 Kf6
27. Rg1 Qh7 28. Qg5+ Kf7 29. Bh5+ Kf8 1-0

[Event "Superettan(Rockad,SthlmII-SS4Springare)"]
[Site "?"]
[Date "2023.02.25"]
[Round "6"]
[White "Nikolic, Vladan"]
[Black "Poley, Vladimir"]
[Result "1-0"]
[WhiteElo "2188"]
[BlackElo "2318"]
[PlyCount "71"]
[SourceVersionDate "2023.03.04"]

1. d4 g6 2. e4 Bg7 3. c4 d6 4. Nc3 Nc6 5. Be3 e5 6. d5 Nce7 7. c5 f5 8. Qa4+
Kf8 9. Nf3 Bh6 10. Bxh6+ Nxh6 11. O-O-O Nf7 12. Qb4 Ng8 13. Nd2 Nf6 14. Bd3
fxe4 15. Ndxe4 Nxe4 16. Nxe4 a5 17. Qc3 Bf5 18. Ng3 Qh4 19. Bxf5 Qf4+ 20. Kb1
gxf5 21. cxd6 cxd6 22. Qc7 h5 23. Rd3 e4 24. Rb3 Kg7 25. Rxb7 Raf8 26. Qd7 Qe5
27. Nxf5+ Kf6 28. Ne3 Rhg8 29. Rc1 Nh6 30. Rc6 Rf7 31. Rxd6+ Kg5 32. h4+ Kxh4
33. Qh3+ Kg5 34. Rxh6 Kxh6 35. Rxf7 Rb8 36. Ng4+ 1-0

[Event "Superettan(Vasteras II-Upsala)"]
[Site "?"]
[Date "2023.02.25"]
[Round "6"]
[White "Backman, Andreas"]
[Black "Johansson, Jan"]
[Result "1-0"]
[WhiteElo "2121"]
[BlackElo "2289"]
[PlyCount "69"]
[SourceVersionDate "2023.03.27"]

1. Nf3 d5 2. g3 c5 3. Bg2 Nc6 4. O-O Nf6 5. d3 Bg4 6. c4 d4 7. a3 a5 8. h3 Bf5
9. Bg5 e5 10. Qa4 Bd7 11. Qc2 Be7 12. e3 O-O 13. exd4 cxd4 14. Re1 Qc7 15. Nbd2
Rfe8 16. Rab1 Bf5 17. Bxf6 Bxf6 18. g4 Bg6 19. Re2 h6 20. Ne1 Nd8 21. f4 Ne6
22. f5 Nf4 23. Ne4 Nxe2+ 24. Qxe2 Bh7 25. Nxf6+ gxf6 26. Be4 Ra6 27. Nc2 Rb6
28. Qd2 h5 29. Qxa5 Qd8 30. Nb4 hxg4 31. hxg4 Kh8 32. Kf2 Rg8 33. Rg1 Qf8 34.
Qxb6 Qh6 35. Nd5 1-0

[Event "Superettan(Rockad,SthlmII-SS4Springare)"]
[Site "?"]
[Date "2023.02.25"]
[Round "6"]
[White "Kassani, Sam"]
[Black "Eriksson, Dan"]
[Result "0-1"]
[WhiteElo "2170"]
[BlackElo "2243"]
[PlyCount "60"]
[SourceVersionDate "2023.03.04"]

1. d4 d5 2. Bf4 c5 3. e3 Nc6 4. c3 Nf6 5. Nd2 Bf5 6. Qb3 Qc8 7. dxc5 e6 8. Ngf3
Bxc5 9. c4 d4 10. Qb5 Nd7 11. exd4 Bc2 12. dxc5 a6 13. Ne4 Bxe4 14. Qb3 e5 15.
Be3 Bxf3 16. gxf3 Nd4 17. Bxd4 exd4 18. O-O-O Nxc5 19. Re1+ Ne6 20. Qa3 Qc7 21.
Bh3 O-O-O 22. Kb1 Kb8 23. Bxe6 fxe6 24. Rxe6 Qxc4 25. Ree1 d3 26. Rc1 Qf4 27.
Rhd1 d2 28. Rc2 Rhe8 29. Qa5 Rc8 30. Rcxd2 Re5 0-1

[Event "Superettan(Vasteras II-Upsala)"]
[Site "?"]
[Date "2023.02.25"]
[Round "6"]
[White "Malm Lindberg, Henrik"]
[Black "Adahl, Mattias"]
[Result "1/2-1/2"]
[WhiteElo "2123"]
[BlackElo "2109"]
[PlyCount "157"]
[SourceVersionDate "2023.03.27"]

1. e4 e5 2. Nf3 Nc6 3. Nc3 Nf6 4. d4 exd4 5. Nxd4 Bb4 6. Nxc6 dxc6 7. Qxd8+
Kxd8 8. Bd2 Nd7 9. O-O-O Bd6 10. f4 f6 11. Be2 h6 12. Bf3 Re8 13. Rhe1 Re7 14.
Ne2 Ke8 15. Nd4 Nb6 16. b3 Ba3+ 17. Kb1 Kf7 18. e5 Bc5 19. e6+ Kf8 20. Bc3 Bxd4
21. Bxd4 Rxe6 22. Bc5+ Kf7 23. Bh5+ g6 24. f5 gxh5 25. fxe6+ Bxe6 26. c4 a5 27.
g3 a4 28. Kb2 Rg8 29. Be3 Rg6 30. Bf4 Nd7 31. Bxc7 b5 32. cxb5 cxb5 33. b4 Rg4
34. a3 h4 35. Re3 hxg3 36. hxg3 Rg8 37. Rde1 Nf8 38. Bd6 Bc4 39. Re7+ Kg6 40.
Re8 Nh7 41. Rxg8+ Bxg8 42. Bf4 h5 43. Kc3 Kf5 44. Rh1 Bf7 45. Kd4 Nf8 46. Kc5
Be8 47. Kd6 Bg6 48. Bh6 Nh7 49. Rh4 Bf7 50. Ke7 Kg6 51. Be3 Bd5 52. Bd4 f5 53.
Be3 Be4 54. Kd6 Nf6 55. Kc5 Ng4 56. Bf4 Bd3 57. Rh1 Nf6 58. Rd1 Ne4+ 59. Kc6
Bc4 60. Rd8 Kg7 61. Be5+ Kg6 62. Rd7 Be2 63. Rg7+ Kh6 64. Re7 Kg6 65. Bf4 Bc4
66. Re8 Nf6 67. Rd8 Ne4 68. Rh8 Be2 69. Rh6+ Kg7 70. Re6 Bd3 71. Be5+ Kf7 72.
Rh6 Be2 73. Kb6 Ke7 74. Kc6 Nd2 75. Kd5 Bf3+ 76. Kc5 Be2 77. Kd5 Bf3+ 78. Kc5
Be2 79. Kd5 1/2-1/2

[Event "Superettan(Rockad,SthlmII-SS4Springare)"]
[Site "?"]
[Date "2023.02.25"]
[Round "6"]
[White "Narva, David"]
[Black "Jakenberg, Jussi"]
[Result "1-0"]
[WhiteElo "2013"]
[BlackElo "2080"]
[PlyCount "89"]
[SourceVersionDate "2023.03.04"]

1. e4 e5 2. Bc4 Nc6 3. d3 Nf6 4. Nf3 Bc5 5. O-O O-O 6. Bg5 h6 7. Be3 Bxe3 8.
fxe3 d5 9. exd5 Nxd5 10. Qe1 Be6 11. Nc3 Qd7 12. Bb5 f6 13. d4 Nxc3 14. Qxc3
exd4 15. Nxd4 Bd5 16. Nxc6 Bxc6 17. Rad1 Qe8 18. Bxc6 Qxc6 19. Qxc6 bxc6 20.
Rd7 Rab8 21. Rxc7 Rxb2 22. Rd1 Rxc2 23. Rdd7 Rb8 24. Rxg7+ Kh8 25. h4 Rxa2 26.
Rh7+ Kg8 27. Rcg7+ Kf8 28. Rc7 Kg8 29. Rxh6 Rbb2 30. Rg6+ Kh8 31. h5 Rb5 32.
Rxf6 Rg5 33. Rf8+ Rg8 34. Rxg8+ Kxg8 35. Rxc6 a5 36. Ra6 a4 37. g4 a3 38. g5
Ra1+ 39. Kg2 a2 40. g6 Kg7 41. Ra7+ Kh6 42. g7 Kh7 43. h6 Re1 44. Rxa2 Rxe3 45.
Ra8 1-0

[Event "Superettan(Vasteras II-Upsala)"]
[Site "?"]
[Date "2023.02.25"]
[Round "6"]
[White "Gillefalk, Bjorn"]
[Black "Svensson, Mans"]
[Result "0-1"]
[WhiteElo "2083"]
[BlackElo "2128"]
[PlyCount "66"]
[SourceVersionDate "2023.03.27"]

1. Nf3 Nf6 2. c4 e6 3. g3 d5 4. Bg2 Be7 5. O-O O-O 6. b3 d4 7. Bb2 Nc6 8. e3 e5
9. exd4 exd4 10. d3 Bf5 11. a3 a5 12. Re1 Qd7 13. Nh4 Bg4 14. Bf3 Be6 15. Nd2
Rfe8 16. Ne4 h6 17. Bg2 Rad8 18. Nxf6+ Bxf6 19. Nf3 Bg4 20. Qc2 Qf5 21. Nd2 Qh5
22. Ne4 Be7 23. f4 Bf8 24. Qf2 Bh3 25. Bf3 Qf5 26. Re2 Bg4 27. Rae1 Ne5 28.
Bxg4 Nxg4 29. Qf3 Ne5 30. Qg2 Nxd3 31. Nf6+ Qxf6 32. Rxe8 Nxe1 33. Rxe1 Qb6 0-1

[Event "Superettan(Rockad,SthlmII-SS4Springare)"]
[Site "?"]
[Date "2023.02.25"]
[Round "6"]
[White "Mattsson, Michael"]
[Black "Zadruzny, Nicolaj"]
[Result "1/2-1/2"]
[WhiteElo "2025"]
[BlackElo "2221"]
[PlyCount "141"]
[SourceVersionDate "2023.03.04"]

1. e4 e5 2. Nf3 Nc6 3. c3 Nf6 4. d4 Nxe4 5. d5 Ne7 6. Nxe5 Ng6 7. Nxg6 hxg6 8.
Bd3 Nf6 9. O-O Be7 10. Re1 O-O 11. c4 d6 12. Nc3 Bg4 13. Qb3 Nd7 14. Be3 b6 15.
h3 Bf5 16. Qc2 Bxd3 17. Qxd3 Bf6 18. Bd4 Ne5 19. Bxe5 Bxe5 20. Re2 Qd7 21. Nb5
a6 22. Nd4 Rfe8 23. Rae1 Bf6 24. b3 Rxe2 25. Rxe2 Re8 26. Kf1 Rxe2 27. Kxe2 Kf8
28. Nc6 a5 29. Kf3 Qe8 30. Qe4 Qxe4+ 31. Kxe4 Ke8 32. f4 Bc3 33. g4 Bb2 34. Na7
Kd7 35. Nc6 Ke8 36. h4 Bf6 37. h5 gxh5 38. gxh5 Bc3 39. Kf5 Bb2 40. Kg5 Bf6+
41. Kg4 Bb2 42. f5 Bf6 43. Kf4 Kf8 44. Na7 Kg8 45. Nb5 Bd8 46. a3 Kh7 47. b4
axb4 48. axb4 Kh6 49. Kg4 Kh7 50. Nd4 Bf6 51. Nb5 Bd8 52. Nc3 Bf6 53. Ne4 Kh6
54. c5 bxc5 55. bxc5 dxc5 56. Nxc5 g6 57. hxg6 fxg6 58. Ne4 gxf5+ 59. Kxf5 Bd4
60. Nf6 Kg7 61. Ne8+ Kf7 62. Nxc7 Ke7 63. Ne6 Bg1 64. Ke5 Bh2+ 65. Ke4 Kd6 66.
Nd4 Kd7 67. Nf3 Bg3 68. Ne5+ Bxe5 69. Kxe5 Ke7 70. d6+ Kd7 71. Kd5 1/2-1/2

[Event "Superettan(Vasteras II-Upsala)"]
[Site "?"]
[Date "2023.02.25"]
[Round "6"]
[White "Johansson, Thomas"]
[Black "Nordebrink, Johan"]
[Result "1-0"]
[WhiteElo "2194"]
[BlackElo "2090"]
[PlyCount "71"]
[SourceVersionDate "2023.03.27"]

1. d4 Nf6 2. c4 e6 3. Nf3 b6 4. a3 Bb7 5. Nc3 d5 6. cxd5 Nxd5 7. Qc2 Nxc3 8.
bxc3 Be7 9. e4 O-O 10. Bd3 c5 11. O-O Nc6 12. Bb2 Rc8 13. Qe2 Qd6 14. Rfd1 Rfd8
15. d5 exd5 16. exd5 Nb8 17. c4 Bf6 18. Bxf6 Qxf6 19. Qe4 g6 20. Ne5 Re8 21.
Re1 Rcd8 22. a4 Bc8 23. Qe3 Na6 24. Rac1 Nb4 25. Bb1 Qd6 26. Qf4 Re7 27. Nxg6
hxg6 28. Qxd6 Rxe1+ 29. Rxe1 Rxd6 30. Re8+ Kg7 31. Rxc8 Nxd5 32. cxd5 Rxd5 33.
Bc2 Rd2 34. Bb3 Rb2 35. Bd1 Rb1 36. Rd8 1-0

[Event "Superettan(Rockad,SthlmII-SS4Springare)"]
[Site "?"]
[Date "2023.02.25"]
[Round "6"]
[White "Svorono, Gabriel"]
[Black "Horta, Hector"]
[Result "1-0"]
[WhiteElo "2060"]
[BlackElo "1864"]
[PlyCount "53"]
[SourceVersionDate "2023.03.04"]

1. e4 g6 2. d4 Bg7 3. Nf3 c5 4. dxc5 Qa5+ 5. c3 Qxc5 6. Be3 Qc7 7. Bd3 Nc6 8.
Na3 b6 9. Qd2 d6 10. h3 Nf6 11. O-O O-O 12. Nb5 Qb7 13. a4 Be6 14. Bh6 a6 15.
Na3 Na5 16. Bxg7 Nb3 17. Qh6 Rfd8 18. Rfe1 Nc5 19. Bc2 b5 20. axb5 axb5 21. Ng5
b4 22. cxb4 Qxb4 23. e5 dxe5 24. Rxe5 Ncd7 25. Rxe6 fxe6 26. Bxg6 Nf8 27. Bf7#
1-0

[Event "Superettan(Vasteras II-Upsala)"]
[Site "?"]
[Date "2023.02.25"]
[Round "6"]
[White "Bjorkman, Filip"]
[Black "Dolata, Henryk"]
[Result "1-0"]
[WhiteElo "2040"]
[BlackElo "2072"]
[PlyCount "115"]
[SourceVersionDate "2023.03.27"]

1. e4 e6 2. d4 d5 3. Nd2 c5 4. exd5 exd5 5. Ngf3 Nf6 6. Bb5+ Bd7 7. Bxd7+ Nbxd7
8. O-O Be7 9. dxc5 Nxc5 10. Nb3 Nce4 11. c3 O-O 12. Bf4 a6 13. Qe2 Re8 14. Rad1
b5 15. Nfd4 Qc8 16. a3 Qb7 17. Nf5 Bf8 18. Qf3 a5 19. Rd3 b4 20. axb4 axb4 21.
cxb4 Qxb4 22. Ne3 Rad8 23. Rfd1 Qb5 24. h3 h6 25. Ng4 Qa6 26. Be3 Nxg4 27. hxg4
Qb7 28. Bd4 Be7 29. Re1 Qc6 30. Rc1 Qg6 31. Rdd1 Bg5 32. Ra1 Ra8 33. Nc5 Bf6
34. Rxa8 Rxa8 35. Nxe4 dxe4 36. Qe2 Bxd4 37. Rxd4 Re8 38. b4 Re6 39. b5 Kh7 40.
Rb4 Rb6 41. Qe3 Qxg4 42. f3 Qg6 43. Qxe4 f5 44. Qf4 Qe6 45. Rb1 Qd5 46. Qb4 Qe5
47. Qb3 h5 48. Qc4 Qe3+ 49. Kh1 h4 50. Qd5 Kg6 51. Kh2 Qf4+ 52. Kh1 Rd6 53. Qb3
h3 54. gxh3 Rd2 55. Rg1+ Kh7 56. Rg2 Rd6 57. b6 Rh6 58. Qc3 1-0

[Event "Superettan(Kamraterna-Orgryte)"]
[Site "?"]
[Date "2023.02.25"]
[Round "6"]
[White "Frisk Kockum, Anton"]
[Black "Aberg, Anton"]
[Result "1/2-1/2"]
[WhiteElo "2331"]
[BlackElo "2318"]
[PlyCount "128"]
[SourceVersionDate "2023.03.04"]

1. d4 d5 2. c4 c6 3. Nf3 Nf6 4. Nc3 dxc4 5. e4 b5 6. Be2 e6 7. O-O Bb7 8. b3
Bb4 9. e5 Nd5 10. Ne4 c3 11. Qc2 Nd7 12. a3 Be7 13. Nxc3 Nxc3 14. Qxc3 O-O 15.
Be3 a5 16. Bd3 b4 17. Qc2 g6 18. axb4 axb4 19. Be4 Ra3 20. Nd2 Qa8 21. Rxa3
bxa3 22. Ra1 Rc8 23. Nc4 c5 24. Rxa3 Qb8 25. Bxb7 Qxb7 26. Ra1 cxd4 27. Bxd4
Nc5 28. Bxc5 Bxc5 29. Rd1 Rb8 30. Rd3 Qe4 31. Qd1 Kg7 32. g4 Ra8 33. Qf3 Ra1+
34. Kg2 Qxf3+ 35. Kxf3 Rf1 36. Ne3 Rb1 37. Nd1 g5 38. Ke2 Ra1 39. Ne3 Ra2+ 40.
Kf3 Ba7 41. h3 h6 42. Rd7 Bc5 43. Rc7 Bd4 44. Ke4 Bb6 45. Rb7 Bc5 46. Rb5 Ba7
47. Kf3 Rb2 48. b4 Bd4 49. Rb7 Bxe5 50. Nc4 Rb3+ 51. Ke4 Bf4 52. Ne5 Bxe5 53.
Kxe5 Rxh3 54. Rc7 Rd3 55. Rc5 Kg6 56. b5 h5 57. gxh5+ Kxh5 58. b6 Rb3 59. Kf6
Kh4 60. Kxf7 Rxb6 61. Kf6 Rb4 62. Rxg5 Rf4+ 63. Kg6 Rxf2 64. Re5 Kg3 1/2-1/2

[Event "Superettan(Kamraterna-Orgryte)"]
[Site "?"]
[Date "2023.02.25"]
[Round "6"]
[White "Andreasson, Ingvar"]
[Black "Olsson, William"]
[Result "0-1"]
[WhiteElo "2327"]
[BlackElo "2298"]
[PlyCount "74"]
[SourceVersionDate "2023.03.04"]

1. Nf3 d5 2. b3 Nf6 3. Bb2 Bf5 4. c4 c6 5. g3 h6 6. Bg2 Nbd7 7. cxd5 cxd5 8.
O-O e6 9. Nc3 Be7 10. d3 O-O 11. e4 dxe4 12. dxe4 Nxe4 13. Nd4 Ndc5 14. Nxf5
exf5 15. Nd5 Re8 16. Qd4 Bf8 17. Rad1 Qg5 18. b4 Ne6 19. Qd3 a5 20. a3 axb4 21.
axb4 Rad8 22. Bc1 Qh5 23. Qb3 Qe2 24. Be3 Qb5 25. Rfe1 N6c5 26. Qc2 Qa4 27. Qb1
Na6 28. Bb6 Rc8 29. Be3 Rcd8 30. g4 Nxb4 31. Nb6 Rxd1 32. Qxd1 Qc6 33. gxf5 Nc2
34. Re2 Nxe3 35. Rxe3 Bc5 36. Rxe4 Rxe4 37. Qb1 Rg4 0-1